000 00682cab a2200205 4500
001 WB2941-27
008 090401t1993 xxu||||| |||| 00| 0 eng d
035 _a(Sirsi) u62694
041 _aeng
245 _aUnit trusts rally
260 _c1993
350 _a0
490 _aEstates Gazette
_v(9343) 30 October 1993, 36(1)
520 _aProperty trusts, both direct and indirect, accounted for £2.4m of Septembers £1.4bn sales total, against £142,918 a year ago according to figures from the Association of Units Trusts.
650 _aPROPERTY TRUSTS
650 _aUNIT TRUSTS
690 _aPROPERTY-PROPERTY FINANCE AND INVESTMENT
942 _n0
948 _c04/03/1997
999 _c38927
_d38927